Name all of the songs that were recorded by Itzy-Sudden death - Statistics

General Stats
  • This quiz has been taken 110 times
    57 since last reset
  • The average score is 11 of 18
Answers on the Grid
Answers color-coded by a green-red scale on the quiz's grid according to % correct below.
Wannabe
Fantastic baby
Hot-air-balloon
Untouchable
Cake
Hope not
Gold
Maestro
Crazy
Loco
Mine
Voltage
Loca
Up
You make me
ExtraL
Wild Wild West
Want it?
What I want
Surf
Flights, not feelings.
Kill it
Style
Supernatural
Snowy
Sneakers
Kill it
That's a no no
3am
Yet,but
 
Answer Stats
Answer % Correct
Wannabe
100%
Cake
93%
Gold
79%
Untouchable
76%
Loco
72%
Sneakers
72%
Snowy
72%
Yet,but
66%
That's a no no
62%
Voltage
62%
Wild Wild West
62%
Want it?
55%
What I want
55%
Mine
52%
Surf
45%
Supernatural
41%
Style
38%
You make me
38%
No matching quizzes found
Score Distribution
Percent of People with Each Score
Percentile by Number Answered
Your Score History
You have not taken this quiz since the last reset